Premier League top scorers 2006/07 Quiz Stats

Quiz not verified by Sporcle

Also try: Tennis Players
Challenge
Share
Tweet
Embed
Score 0/21 Timer 05:00
0 Plays Today
Goals Player % Correct
20Didier Drogba
96.7%
14Wayne Rooney
92.1%
17Cristiano Ronaldo
90.1%
10Thierry Henry
76.4%
11Frank Lampard
71.9%
10Jermain Defoe
68.8%
11Robbie Keane
65.6%
13Darren Bent
59.6%
11Robin van Persie
55.9%
12Aiyegbeni Yakubu
53%
12Dimitar Berbatov
48.9%
Goals Player % Correct
11Nicolas Anelka
41.8%
14Mark Viduka
38.1%
18Benni McCarthy
35.8%
12Dirk Kuyt
35.6%
10Nwankwo Kanu
34.3%
13Kevin Doyle
32.2%
11Andrew Johnson
27.2%
11Obafemi Martins
15.8%
11Bobby Zamora
10.3%
10Gilberto Silva
6.7%

You're not logged in!

Compare scores with friends on all Sporcle quizzes.
Sign Up with Email
OR
Log In

You Might Also Like...

Show Comments

Extras

Top Quizzes Today


Score Distribution

Your Account Isn't Verified!

In order to create a playlist on Sporcle, you need to verify the email address you used during registration. Go to your Sporcle Settings to finish the process.